000 00485ntaaa2200193 4500
003 01
005 20251027202930.0
008 0714s1973 ag 01
040 _aAR-BaBN
_bspa
_cAR-BaBN
_eaacr
_dRIC
082 _a922.6000 V
100 _aVaretto, Juan C
_97850
245 _aFederico Crowe en Guatemala
250 _a1 ed.
260 _aBuenos Aires :
_bJunta Bautista de Publicaciones,
_c1940
300 _a122 p
650 _amisiones
650 _abiografĂ­a
_91311
942 _cBK
999 _c24596
_d24596